000 00706nam a22002057a 4500
005 20210325174007.0
008 s2522 th tha d
041 _atha
050 _aHJ131 ส7
100 0 _aสุนทร ราชวงศ์ศึก
245 1 0 _aทฤษฎีและนโยบายการคลัง
260 3 _aกรุงเทพฯ :
_bโรงพิมพ์มหาวิทยาลัยรามคำแหง,
_c2522
300 _a313 หน้า
650 0 4 _aการคลัง
700 0 _aสุนทร ราชวงศ์ศึก
850 _aNALT
942 _cGB
997 _c000000000002866
998 _aSOPAPORN
999 _c2866
_d2866